G-20 Members Quiz Stats

 Plays Quiz Updated May 23, 2019

Score 0/40 Timer 08:00
2 Plays Today
Member % Correct
United States
98.8%
France
96.5%
United Kingdom
96.1%
Germany
95.8%
China
95.7%
Russia
93%
Japan
92.6%
Canada
91.6%
Brazil
89.2%
Italy
89%
Australia
85.7%
Mexico
83.9%
India
83.6%
Argentina
79.4%
South Africa
77.1%
Donald Trump
73.2%
South Korea
67.3%
Indonesia
65.3%
Saudi Arabia
63.2%
Turkey
56.1%
Member % Correct
Boris Johnson
54.1%
Emmanuel Macron
43.2%
Angela Merkel
43%
Vladimir Putin
36.1%
Xi Jinping
31%
Justin Trudeau
24.7%
Giuseppe Conte
23.8%
European Union
20.8%
Jair Bolsonaro
14.9%
Narendra Modi
14.4%
Scott Morrison
13.5%
Andrés Manuel López Obrador
13.3%
Shinzō Abe
10.9%
Cyril Ramaphosa
10.6%
Mauricio Macri
10.3%
Salman bin Abdul Aziz Al Saud
9.5%
Moon Jae-in
7.5%
Recep Tayyip Erdoğan
7.5%
Donald Tusk
5.4%
Joko Widodo
3.8%

You're not logged in!

Compare scores with friends on all Sporcle quizzes.
OR
Log In

Sporcle TV

Today on Sporcle TV


Watch our educational content, quiz creation guides, and fun videos on Sporcle TV.

Show Comments

Extras

Top Quizzes Today


Score Distribution

Your Account Isn't Verified!

In order to create a playlist on Sporcle, you need to verify the email address you used during registration. Go to your Sporcle Settings to finish the process.

Report this User

Report this user for behavior that violates our Community Guidelines.

Details: